| 000 | nam a22 7a 4500 | ||
|---|---|---|---|
| 999 |
_c15273 _d15273 |
||
| 008 | 161028b xxu||||| |||| 00| 0 eng d | ||
| 020 | _a0873534808 | ||
| 050 | _aQA 13 .P735 2000 | ||
| 100 | _aNational Council of Teachers of Mathematics | ||
| 245 |
_aPrinciples and Standards for School Mathematics/ _cNational Council of Teachers of Mathematics |
||
| 250 | _a4e | ||
| 260 |
_aReston, VA: _bThe National Council of Teachers of Mathematics, Inc., _c2000 |
||
| 300 |
_axv,402p. : _bill. ; _c27cm |
||
| 500 | _aIncludes bibliographical references. | ||
| 650 |
_aMathematics. _xStudy and teaching. _yStandards. _zUnited States |
||
| 942 |
_2lcc _cBOOKS _hQA 13 .P735 2000 |
||